[Event "FRA-chT"]
[Site "FRA"]
[Date "1996.??.??"]
[Round "?"]
[White "Bolding, Klaus"]
[Black "Spiridonov, Nikola"]
[Result "1/2-1/2"]
[WhiteElo "2305"]
[BlackElo "2405"]
[PlyCount "103"]
[EventDate "1996.??.??"]
[Source "ChessBase"]

1. Nf3 c5 2. c4 g6 3. d4 cxd4 4. Nxd4 Nc6 5. e4 Nf6 6. Nc3 d6 7. Be2 Nxd4 8.
Qxd4 Bg7 9. Qd1 O-O 10. O-O Nd7 11. Be3 Bxc3 12. bxc3 Qa5 13. Qc2 Nc5 14. Rab1
f5 15. e5 f4 16. Rb5 Qc7 17. exd6 exd6 18. Bxc5 dxc5 19. Qd3 Kg7 20. Bf3 Rb8
21. Re1 b6 22. Rb2 Bf5 23. Qe2 Bd7 24. Rd2 Rbe8 25. Qd1 Ba4 26. Qc1 Qf7 27. Bd5
Qf5 28. h3 Rxe1+ 29. Qxe1 Re8 30. Re2 Rxe2 31. Qxe2 Kf6 32. Qf3 Bc2 33. Qe2 Ba4
34. Be4 Qe5 35. Qd3 Ke7 36. f3 Bd7 37. Qc2 Be6 38. Qa4 Qc7 39. Bd5 Bd7 40. Qc2
Qe5 41. Be4 Be8 42. Kh2 Qe6 43. Qd2 Qd6 44. Bd5 Kf6 45. Qe1 Qe5 46. Qh4+ Kg7
47. Qd8 g5 48. Be4 h5 49. Qc8 Qe7 50. Qf5 h4 51. Qh7+ Kf6 52. Qg6+ 1/2-1/2

[Event "FRA-chT"]
[Site "FRA"]
[Date "1996.??.??"]
[Round "?"]
[White "Bonvalot, Isabelle"]
[Black "Relange, Eloi"]
[Result "1-0"]
[WhiteElo "2080"]
[BlackElo "2460"]
[PlyCount "49"]
[EventDate "1996.??.??"]
[Source "ChessBase"]

1. f4 g6 2. e4 Bg7 3. Nf3 d6 4. d4 Nf6 5. Bd3 O-O 6. O-O Bg4 7. c3 Nbd7 8. h3
Bh5 9. e5 Bxf3 10. Qxf3 Ne8 11. Nd2 c6 12. g4 Qb6 13. Nc4 Qc7 14. Bd2 d5 15.
Ne3 a5 16. f5 Bh8 17. Ng2 Nxe5 18. dxe5 Qxe5 19. Rae1 Qc7 20. fxg6 hxg6 21.
Bxg6 Nf6 22. Bd3 Rae8 23. Qf5 Qg3 24. Bh6 Qxh3 25. Qg5+ 1-0

[Event "FRA-chT"]
[Site "FRA"]
[Date "1996.??.??"]
[Round "?"]
[White "Boudre, Jean Pierre"]
[Black "Anic, Darko"]
[Result "1-0"]
[WhiteElo "2400"]
[BlackElo "2455"]
[PlyCount "99"]
[EventDate "1996.??.??"]
[Source "ChessBase"]

1. e4 e5 2. Nf3 Nc6 3. Bb5 a6 4. Ba4 d6 5. O-O Bd7 6. d4 b5 7. Bb3 Nxd4 8. Nxd4
exd4 9. c3 dxc3 10. Qh5 g6 11. Qd5 Be6 12. Qc6+ Bd7 13. Qxc3 f6 14. Bf4 Bg7 15.
Nd2 Nh6 16. Rac1 Rc8 17. Nf3 Nf7 18. Nd4 c5 19. Ne6 Bxe6 20. Bxe6 Rc6 21. Bd5
Rb6 22. b4 c4 23. Be3 Rb8 24. f4 O-O 25. Bd4 Kh8 26. Rf3 Qe7 27. Rh3 Nh6 28.
Rh4 Ng8 29. f5 g5 30. Rh5 h6 31. h4 g4 32. Qg3 Qe8 33. Qxg4 Ne7 34. Be6 Nc6 35.
Be3 Ne5 36. Qe2 Kh7 37. g4 Rb7 38. g5 Re7 39. g6+ Nxg6 40. Bd5 Ne5 41. Kh2 Nf7
42. Rg1 Rxe4 43. Bxe4 Qxe4 44. Rxg7+ Kh8 45. Rg3 Re8 46. Qd2 Kh7 47. Bxh6 Qe2+
48. Qxe2 Rxe2+ 49. Kh3 Nxh6 50. Rg6 1-0

[Event "FRA-chT"]
[Site "FRA"]
[Date "1996.??.??"]
[Round "?"]
[White "Boudre, Jean Pierre"]
[Black "Gouret, Thierry"]
[Result "1/2-1/2"]
[WhiteElo "2400"]
[BlackElo "2275"]
[PlyCount "24"]
[EventDate "1996.??.??"]
[Source "ChessBase"]

1. e4 d5 2. exd5 Nf6 3. Nf3 Qxd5 4. Nc3 Qh5 5. Be2 Bg4 6. h3 Nc6 7. Rg1 Bxf3 8.
Bxf3 Qc5 9. d3 O-O-O 10. Be3 Nd4 11. Bxd4 Qxd4 12. Qe2 e6 1/2-1/2

[Event "FRA-chT"]
[Site "FRA"]
[Date "1996.??.??"]
[Round "?"]
[White "Boudre, Jean Pierre"]
[Black "Koch, Jean Rene"]
[Result "0-1"]
[WhiteElo "2400"]
[BlackElo "2490"]
[PlyCount "80"]
[EventDate "1996.??.??"]
[Source "ChessBase"]

1. e4 c5 2. Nf3 e6 3. Nc3 a6 4. d4 cxd4 5. Nxd4 Qc7 6. Bd3 Nc6 7. Be3 Nf6 8.
O-O Be7 9. Kh1 O-O 10. f4 d6 11. Qf3 Bd7 12. Nxc6 Bxc6 13. Qh3 Rfd8 14. Rae1 e5
15. fxe5 dxe5 16. Bg5 Rd6 17. Re3 h6 18. Bxf6 Rxf6 19. Ref3 Rxf3 20. Qxf3 Bb4
21. Nd1 Bc5 22. Bc4 Rf8 23. Nc3 Bd4 24. Bd5 Kh8 25. Qd3 Qb6 26. Bxc6 Qxc6 27.
Nd5 Bxb2 28. Qb3 Bd4 29. a4 Bc5 30. Qc3 Bd6 31. Qb3 f6 32. c4 Rc8 33. Rc1 b5
34. axb5 axb5 35. c5 Qa6 36. Qb4 Rxc5 37. Qe1 Qa3 38. Rd1 Rc4 39. h3 Rd4 40.
Rxd4 exd4 0-1

[Event "FRA-chT"]
[Site "FRA"]
[Date "1996.??.??"]
[Round "?"]
[White "Boudre, Jean Pierre"]
[Black "Langevin, Philippe"]
[Result "1-0"]
[WhiteElo "2400"]
[BlackElo "2240"]
[PlyCount "71"]
[EventDate "1996.??.??"]
[Source "ChessBase"]

1. e4 Nc6 2. Nf3 d5 3. exd5 Qxd5 4. Nc3 Qd8 5. d4 Nf6 6. Bg5 h6 7. Bxf6 exf6 8.
Bb5 Bd6 9. Qe2+ Kf8 10. O-O-O g6 11. Rhe1 Kg7 12. Kb1 Bf5 13. Bd3 Bg4 14. Be4
Bb4 15. Qc4 Bxc3 16. Qxc3 Qd6 17. h3 Bxf3 18. Bxf3 Rab8 19. a3 Rhd8 20. Qe3 Rd7
21. Bxc6 bxc6 22. Rd3 Qd5 23. Qe4 Qa5 24. Ree3 Rd5 25. Qf3 Rbd8 26. Qd1 Qb6 27.
c3 a5 28. Qe2 Qb5 29. Rd2 Qb6 30. Re8 R8d6 31. Qe7 g5 32. Qf8+ Kg6 33. Qg8+ Kf5
34. Qh7+ Kf4 35. g3+ Kf3 36. Qe4# 1-0

[Event "FRA-chT"]
[Site "FRA"]
[Date "1996.??.??"]
[Round "?"]
[White "Boudre, Jean Pierre"]
[Black "Parmentier, Xavier"]
[Result "1/2-1/2"]
[WhiteElo "2400"]
[BlackElo "2265"]
[PlyCount "110"]
[EventDate "1996.??.??"]
[Source "ChessBase"]

1. e4 c5 2. Nf3 Nc6 3. Bb5 d6 4. O-O Bd7 5. c3 Nf6 6. Re1 a6 7. Ba4 b5 8. Bc2
e5 9. d3 g6 10. Nbd2 Bg7 11. Nf1 O-O 12. a4 Qc7 13. Bg5 Be6 14. Ne3 Qb7 15. Bb3
c4 16. Bxf6 cxb3 17. Bxg7 Kxg7 18. d4 Na5 19. axb5 axb5 20. dxe5 dxe5 21. Qd6
Qxe4 22. Ng5 Qf4 23. Qe7 Kh6 24. Nxe6 fxe6 25. f3 Qf7 26. Ng4+ Kg7 27. Qxf7+
Rxf7 28. Rxe5 h5 29. Nf2 Nc4 30. Rxa8 Nxe5 31. Ra3 b4 32. Rxb3 Ra7 33. h4 Ra1+
34. Kh2 bxc3 35. Rxc3 Rb1 36. b3 Kf7 37. Kg3 Ke7 38. Kf4 Nf7 39. Ne4 e5+ 40.
Ke3 Nh6 41. g3 Nf5+ 42. Kd3 Rg1 43. Rc5 Ke6 44. Rc6+ Kf7 45. b4 Nxg3 46. Nd2
Rd1 47. Kc2 Ra1 48. Nc4 Nf5 49. Kb2 Re1 50. b5 e4 51. Rc7+ Ke6 52. fxe4 Rxe4
53. Kb3 Nd4+ 54. Kb4 Nxb5 55. Kxb5 Rxh4 1/2-1/2

[Event "FRA-chT"]
[Site "FRA"]
[Date "1996.??.??"]
[Round "?"]
[White "Boudre, Jean Pierre"]
[Black "Roos, Daniel"]
[Result "1/2-1/2"]
[WhiteElo "2400"]
[BlackElo "2420"]
[PlyCount "86"]
[EventDate "1996.??.??"]
[Source "ChessBase"]

1. e4 c6 2. d4 d5 3. exd5 cxd5 4. c4 Nf6 5. Nc3 e6 6. Nf3 Bb4 7. Bd3 dxc4 8.
Bxc4 O-O 9. O-O Nc6 10. a3 Be7 11. Qd3 a6 12. Bg5 b5 13. Ba2 Bb7 14. Rad1 Na5
15. Rfe1 Rc8 16. Ne5 Nd5 17. Bxd5 Bxg5 18. Ba2 Bf4 19. Qe2 Qg5 20. Nf3 Qh6 21.
d5 Nc4 22. g3 Bb8 23. Nd4 Ba7 24. Ndxb5 axb5 25. Nxb5 Bxf2+ 26. Qxf2 Bxd5 27.
Nc3 Rb8 28. Bxc4 Bxc4 29. Rd4 Rfc8 30. Red1 e5 31. Rd6 Be6 32. Ne4 Qg6 33. Nc5
h5 34. b4 h4 35. Qe3 Ra8 36. a4 Qg4 37. Nxe6 fxe6 38. Qxe5 Rxa4 39. Qxe6+ Qxe6
40. Rxe6 hxg3 41. hxg3 Rxb4 42. Rde1 Rc2 43. R1e2 Rxe2 1/2-1/2

[Event "FRA-chT"]
[Site "FRA"]
[Date "1996.??.??"]
[Round "?"]
[White "Bouton, Christophe"]
[Black "Dubois, Martine"]
[Result "1/2-1/2"]
[WhiteElo "2190"]
[BlackElo "2050"]
[PlyCount "48"]
[EventDate "1996.??.??"]
[Source "ChessBase"]

1. Nf3 d5 2. c4 c6 3. d4 Nf6 4. e3 Bf5 5. cxd5 cxd5 6. Nc3 e6 7. Bb5+ Nbd7 8.
Ne5 a6 9. Ba4 b5 10. Nxd7 Qxd7 11. Bb3 Bd6 12. O-O O-O 13. Bd2 Qe7 14. f3 Qc7
15. f4 Qe7 16. Be1 Ng4 17. Qf3 Nh6 18. Bg3 Bg4 19. Qf2 Nf5 20. Rac1 Rac8 21. h3
Nxg3 22. Qxg3 Bf5 23. Qf3 b4 24. Ne2 Be4 1/2-1/2

[Event "FRA-chT"]
[Site "FRA"]
[Date "1996.??.??"]
[Round "?"]
[White "Bricard, Emmanuel"]
[Black "Apicella, Manuel"]
[Result "1/2-1/2"]
[WhiteElo "2475"]
[BlackElo "2560"]
[PlyCount "100"]
[EventDate "1996.??.??"]
[Source "ChessBase"]

1. e4 e6 2. d3 d5 3. Nd2 Nf6 4. Ngf3 dxe4 5. dxe4 Bc5 6. Bd3 Nc6 7. a3 e5 8. b4
Bd4 9. Nxd4 Nxd4 10. Nc4 O-O 11. O-O Re8 12. Bb2 Bg4 13. f3 Bh5 14. Qe1 b5 15.
Ne3 c6 16. Nf5 Qb6 17. Nxd4 exd4 18. Qf2 Rad8 19. Rfe1 Bg6 20. Rad1 a5 21. c3
axb4 22. axb4 Nd5 23. Qxd4 Qxd4+ 24. cxd4 Nxb4 25. Bb1 f6 26. Rc1 Bf7 27. Re3
Bc4 28. Ra3 Ra8 29. Kf2 Kf7 30. Ke3 Nd5+ 31. Kd2 Nb6 32. Bc2 Rxa3 33. Bxa3 Ra8
34. Bc5 Nd7 35. Bb4 Ra2 36. Kc3 Nb6 37. Rb1 Na4+ 38. Bxa4 Rxa4 39. Rb2 Ra1 40.
Kd2 Ke6 41. g4 g6 42. Bc5 Rf1 43. Ke3 Rd1 44. Kf4 Rd3 45. h4 Rd1 46. h5 g5+ 47.
Ke3 Rd3+ 48. Kf2 Bb3 49. Ke2 Bc4 50. Kf2 Bb3 1/2-1/2

[Event "FRA-chT"]
[Site "FRA"]
[Date "1996.??.??"]
[Round "?"]
[White "Bricard, Emmanuel"]
[Black "Beikert, Guenther"]
[Result "1/2-1/2"]
[WhiteElo "2475"]
[BlackElo "2435"]
[PlyCount "63"]
[EventDate "1996.??.??"]
[Source "ChessBase"]

1. e4 e5 2. Bc4 Nf6 3. d3 Bc5 4. Nc3 Nc6 5. f4 d6 6. Nf3 Be6 7. Bb5 Bd7 8. fxe5
Nxe5 9. Bxd7+ Qxd7 10. d4 Nxf3+ 11. gxf3 Bb4 12. Qd3 d5 13. Bg5 Bxc3+ 14. Qxc3
dxe4 15. Bxf6 gxf6 16. O-O-O f5 17. d5 O-O-O 18. Qd4 b6 19. fxe4 fxe4 20. Qxe4
f5 21. Qf3 Kb8 22. Rd4 Rhe8 23. Rhd1 Re5 24. Qa3 Qd6 25. Qxd6 Rxd6 26. c4 Rh6
27. R1d2 Re1+ 28. Kc2 Rh1 29. Rf4 R1xh2 30. Rxf5 Rxd2+ 31. Kxd2 Rh3 32. b4
1/2-1/2

[Event "FRA-chT"]
[Site "FRA"]
[Date "1996.??.??"]
[Round "?"]
[White "Brochet, Philippe"]
[Black "Berthelot, Yannick"]
[Result "1-0"]
[WhiteElo "2275"]
[BlackElo "2290"]
[PlyCount "93"]
[EventDate "1996.??.??"]
[Source "ChessBase"]

1. e4 c5 2. Nf3 Nc6 3. Bb5 e6 4. c3 Nge7 5. O-O a6 6. Ba4 b5 7. Bc2 Bb7 8. a4
Ng6 9. d4 cxd4 10. axb5 axb5 11. Rxa8 Qxa8 12. Nxd4 Nxd4 13. Qxd4 e5 14. Qd3
Bc6 15. Be3 Be7 16. Nd2 O-O 17. Nb3 d6 18. Ra1 Qc8 19. Ra7 Bd7 20. f3 h6 21.
Nc5 dxc5 22. Rxd7 Qa6 23. Qd1 Ra8 24. g3 Qa1 25. h4 Qxd1+ 26. Bxd1 Ra1 27. Kf2
h5 28. Bc2 Ra2 29. Bc1 c4 30. Rc7 Ba3 31. Rb7 Bxb2 32. Bb1 Ra1 33. Bxb2 Rxb1
34. Rxb5 Nf8 35. Rb4 Ne6 36. Ba3 Ra1 37. Rb8+ Kh7 38. Bd6 f6 39. Re8 Ra6 40.
Rxe6 Kg6 41. f4 exf4 42. gxf4 Ra2+ 43. Kf3 Rc2 44. f5+ Kh7 45. Bb4 Rh2 46. Kg3
Re2 47. Bc5 1-0

[Event "FRA-chT"]
[Site "FRA"]
[Date "1996.??.??"]
[Round "?"]
[White "Brochet, Philippe"]
[Black "Chevallier, Didier"]
[Result "1-0"]
[WhiteElo "2275"]
[BlackElo "2300"]
[PlyCount "74"]
[EventDate "1996.??.??"]
[Source "ChessBase"]

1. e4 c5 2. Nf3 e6 3. Nc3 Nc6 4. Bb5 Nd4 5. Bd3 Ne7 6. Nxd4 cxd4 7. Ne2 Nc6 8.
O-O d5 9. c3 Bc5 10. Qc2 Bb6 11. cxd4 dxe4 12. Bxe4 Bd7 13. d5 exd5 14. Bxd5
O-O 15. Be4 Bg4 16. Nf4 Nd4 17. Qd3 Qg5 18. g3 Rad8 19. Qc4 Bf3 20. d3 Qxf4 21.
Qxd4 Qg4 22. Qe5 Rxd3 23. Bxf3 Qxf3 24. Bf4 Rfd8 25. Rae1 h5 26. Qe4 Qg4 27.
Qxb7 h4 28. Qc6 hxg3 29. hxg3 R8d5 30. Qe8+ Kh7 31. Qe4+ f5 32. Qh1+ Kg8 33.
Re8+ Kf7 34. Rfe1 Rf3 35. Be3 Bxe3 36. R8xe3 Rd3 37. Rxd3 Rxd3 1-0

[Event "FRA-chT"]
[Site "FRA"]
[Date "1996.??.??"]
[Round "?"]
[White "Buchy, Daniel"]
[Black "Amalric, Yves"]
[Result "1-0"]
[WhiteElo "2260"]
[BlackElo "2195"]
[PlyCount "54"]
[EventDate "1996.??.??"]
[Source "ChessBase"]

1. f4 Nf6 2. Nf3 g6 3. b3 Bg7 4. Bb2 O-O 5. e3 d6 6. Be2 Nbd7 7. O-O a6 8. Qe1
Qe8 9. Qh4 c5 10. c4 e5 11. fxe5 dxe5 12. Nc3 h6 13. h3 e4 14. Nh2 Qe6 15. Rad1
g5 16. Qg3 Ne8 17. d4 f5 18. Nd5 Kh7 19. Ba3 b6 20. Nc7 Nxc7 21. Qxc7 Rf7 22.
Bh5 Re7 23. d5 Nf6 24. dxe6 Rxc7 25. Bf7 Re7 26. Rd6 Rb8 27. Bb2 Ne8 1-0

[Event "FRA-chT"]
[Site "FRA"]
[Date "1996.??.??"]
[Round "?"]
[White "Buchy, Daniel"]
[Black "Bolding, Klaus"]
[Result "0-1"]
[WhiteElo "2260"]
[BlackElo "2305"]
[PlyCount "124"]
[EventDate "1996.??.??"]
[Source "ChessBase"]

1. f4 b5 2. e3 Bb7 3. Nf3 a6 4. d4 e6 5. c3 f5 6. Bd3 Nf6 7. O-O Be7 8. Nbd2
O-O 9. a4 Nd5 10. Qe2 b4 11. c4 Nf6 12. e4 c5 13. e5 Ne8 14. Nb3 cxd4 15. Nfxd4
Kh8 16. Be3 g6 17. Nc2 Rg8 18. Nc5 Bxc5 19. Bxc5 g5 20. g3 Qc7 21. Be3 gxf4 22.
Rxf4 Qc6 23. Kf2 Qg2+ 24. Ke1 Qxe2+ 25. Bxe2 Nc6 26. Nd4 Nxe5 27. Nxe6 d6 28.
Rxf5 Bc8 29. Nd4 Bxf5 30. Nxf5 Rf8 31. g4 Rd8 32. Rd1 Nf6 33. h3 Ne4 34. Rd4
Nc5 35. Nxd6 Kg8 36. Rd5 Ncd7 37. Nf5 Rde8 38. Kd2 Nf6 39. Rd4 Rd8 40. Ne7+ Kf7
41. Nf5 Rxd4+ 42. Bxd4 Rd8 43. Kc2 Nfd7 44. Kb3 Nc6 45. Be3 Nde5 46. c5 a5 47.
Nd6+ Ke6 48. Bc4+ Nxc4 49. Kxc4 Rf8 50. Nf5 Ne5+ 51. Kd4 b3 52. Ke4 Nc6 53.
Nd4+ Nxd4 54. Bxd4 Rf1 55. Bc3 Ra1 56. Kf4 Rxa4+ 57. Kg5 Rc4 58. Bh8 Kf7 59.
Kh6 Kg8 60. Bf6 Rxc5 61. h4 a4 62. Be7 a3 0-1

[Event "FRA-chT"]
[Site "FRA"]
[Date "1996.??.??"]
[Round "?"]
[White "Buchy, Daniel"]
[Black "Ebalard, Marc"]
[Result "0-1"]
[WhiteElo "2260"]
[BlackElo "2250"]
[PlyCount "56"]
[EventDate "1996.??.??"]
[Source "ChessBase"]

1. f4 d6 2. Nf3 g6 3. e4 Bg7 4. d4 c6 5. c3 Nd7 6. Bd3 e5 7. dxe5 dxe5 8. Bc4
Qe7 9. Qe2 Ngf6 10. O-O O-O 11. f5 b5 12. Bb3 Nc5 13. fxg6 hxg6 14. Bc2 a5 15.
Bg5 Ne6 16. Nbd2 Nxg5 17. Nxg5 Bh6 18. Ndf3 Ng4 19. h4 f6 20. Nh3 Ne3 21. Rfe1
Bxh3 22. gxh3 Kh7 23. Qf2 Qa7 24. Bb3 Bf4 25. Kh1 a4 26. Bc2 Rfd8 27. Rg1 Qd7
28. Rg4 Nxg4 0-1

[Event "FRA-chT"]
[Site "FRA"]
[Date "1996.??.??"]
[Round "?"]
[White "Buchy, Daniel"]
[Black "Eliet, Renaud"]
[Result "1-0"]
[WhiteElo "2260"]
[BlackElo "2165"]
[PlyCount "45"]
[EventDate "1996.??.??"]
[Source "ChessBase"]

1. f4 f5 2. Nf3 Nf6 3. e3 e6 4. b3 Be7 5. Bb2 b6 6. g3 Bb7 7. Bg2 O-O 8. Qe2 c5
9. d3 d5 10. Nbd2 Nc6 11. O-O Qc7 12. Ng5 Nd8 13. Rae1 h6 14. Ngf3 Nf7 15. Nh4
Nh8 16. e4 fxe4 17. dxe4 Rae8 18. exd5 exd5 19. Qe6+ Kh7 20. Nf5 Bd8 21. Qd6
Qc8 22. Rxe8 Nxe8 23. Qxf8 1-0

[Event "FRA-chT"]
[Site "FRA"]
[Date "1996.??.??"]
[Round "?"]
[White "Buchy, Daniel"]
[Black "Guidez, Yann Michel"]
[Result "1/2-1/2"]
[WhiteElo "2260"]
[BlackElo "2235"]
[PlyCount "97"]
[EventDate "1996.??.??"]
[Source "ChessBase"]

1. f4 g6 2. Nf3 Bg7 3. e3 c5 4. d4 cxd4 5. exd4 d6 6. Bd3 Nh6 7. Nbd2 O-O 8.
O-O Nc6 9. c3 e5 10. dxe5 dxe5 11. Nc4 Ng4 12. Be4 exf4 13. Qxd8 Rxd8 14. Bxf4
Be6 15. Ne3 Nxe3 16. Bxe3 Bd5 17. Bxd5 Rxd5 18. Rad1 Rad8 19. Rxd5 Rxd5 20. Re1
h6 21. Kf2 f5 22. Ke2 Kf7 23. Rd1 Rxd1 24. Kxd1 g5 25. Ke2 f4 26. Bf2 g4 27.
Nd2 Ke6 28. Nb3 Kd5 29. h3 h5 30. hxg4 hxg4 31. Nd2 b5 32. Kd3 Bf8 33. b3 Ne5+
34. Ke2 a6 35. Bd4 Ba3 36. Bxe5 Kxe5 37. Kd3 Bc1 38. Ne4 Be3 39. Ng3 Ba7 40.
Ne2 f3 41. gxf3 gxf3 42. Ng3 Kf4 43. Nf1 Bb8 44. Nd2 Kg3 45. Nxf3 Kxf3 46. b4
Ba7 47. c4 bxc4+ 48. Kxc4 Ke4 49. a4 1/2-1/2

[Event "FRA-chT"]
[Site "FRA"]
[Date "1996.??.??"]
[Round "?"]
[White "Buchy, Daniel"]
[Black "Jost, Claude"]
[Result "1/2-1/2"]
[WhiteElo "2260"]
[BlackElo "2300"]
[PlyCount "165"]
[EventDate "1996.??.??"]
[Source "ChessBase"]

1. f4 d5 2. Nf3 Nf6 3. e3 Bg4 4. d4 c5 5. c3 cxd4 6. exd4 Nc6 7. Bd3 e6 8. O-O
Rc8 9. Qe1 Be7 10. Nbd2 O-O 11. Ne5 Bf5 12. Qe2 Bd6 13. h3 Re8 14. g4 Bxd3 15.
Qxd3 Rf8 16. Ndf3 Ne4 17. Be3 f5 18. g5 Bxe5 19. dxe5 Qe8 20. Kg2 h6 21. gxh6
Qg6+ 22. Kh1 Ng3+ 23. Kh2 Nxf1+ 24. Rxf1 Qxh6 25. Rg1 b6 26. Rg5 Rc7 27. Qf1
Re8 28. Qg2 b5 29. a3 a5 30. Bb6 Rb7 31. Bc5 b4 32. axb4 axb4 33. cxb4 Nxb4 34.
Bxb4 Rxb4 35. Qd2 Reb8 36. Kg3 Rb3 37. Qe2 Rxb2 38. Qa6 R8b3 39. h4 Rb1 40.
Qa8+ Kh7 41. Qe8 Rf1 42. Rh5 Rfxf3+ 43. Kg2 Rg3+ 44. Kf2 Rg6 45. Rxh6+ Rxh6 46.
Kg2 Rg6+ 47. Kf2 Rh3 48. Qe7 Rh6 49. Ke2 R3xh4 50. Ke3 Rg4 51. Qf7 Rh3+ 52. Kd4
Rxf4+ 53. Kc5 Rh6 54. Kd6 Rc4 55. Qd7 Re4 56. Qc7 Rg4 57. Ke7 Rg5 58. Qc2 Rgg6
59. Kf7 f4 60. Qc8 Rh5 61. Qg8+ Kh6 62. Qh8+ Kg5 63. Qd8+ Kf5 64. Qc8 Rhg5 65.
Qc2+ Kxe5 66. Qe2+ Kd6 67. Qa6+ Kc5 68. Qa5+ Kd4 69. Qd2+ Kc5 70. Qa5+ Kc4 71.
Qa4+ Kd3 72. Qa3+ Kd2 73. Qb2+ Ke1 74. Qb1+ Ke2 75. Qc2+ Kf1 76. Qd1+ Kg2 77.
Qe2+ Kh3 78. Qf3+ Kh2 79. Qf2+ Kh3 80. Qf3+ Kh2 81. Qf2+ Kh1 82. Qf1+ Kh2 83.
Qf2+ 1/2-1/2

[Event "FRA-chT"]
[Site "FRA"]
[Date "1996.??.??"]
[Round "?"]
[White "Buchy, Daniel"]
[Black "Lamorelle, Yves"]
[Result "0-1"]
[WhiteElo "2260"]
[BlackElo "2225"]
[PlyCount "80"]
[EventDate "1996.??.??"]
[Source "ChessBase"]

1. f4 Nf6 2. Nf3 d6 3. b3 g6 4. Bb2 Bg7 5. e3 O-O 6. Be2 c5 7. O-O a6 8. Qe1 e6
9. h3 h6 10. c4 Nc6 11. d3 b5 12. Na3 Rb8 13. d4 b4 14. Nc2 Bb7 15. Bd3 Nd7 16.
Qg3 cxd4 17. Ncxd4 Nxd4 18. exd4 Qb6 19. Qf2 Bxf3 20. gxf3 Rbc8 21. Kh1 Nb8 22.
Rg1 Nc6 23. c5 Qc7 24. Bxa6 Ra8 25. Bc4 dxc5 26. f5 exf5 27. Rxg6 Kh7 28. Rxg7+
Kxg7 29. d5+ Nd4 30. Rg1+ Kh7 31. Bxd4 cxd4 32. Bd3 Qf4 33. Qc2 Qxf3+ 34. Kh2
Rg8 35. Bxf5+ Kh8 36. Bg4 Qf4+ 37. Kh1 h5 38. Bxh5 Rxg1+ 39. Kxg1 Rg8+ 40. Kh1
Qf1+ 0-1

[Event "FRA-chT"]
[Site "FRA"]
[Date "1996.??.??"]
[Round "?"]
[White "Buchy, Daniel"]
[Black "Rausis, Igors"]
[Result "0-1"]
[WhiteElo "2260"]
[BlackElo "2495"]
[PlyCount "76"]
[EventDate "1996.??.??"]
[Source "ChessBase"]

1. f4 e5 2. fxe5 d6 3. exd6 Bxd6 4. Nf3 Nf6 5. g3 h5 6. d4 h4 7. gxh4 Nc6 8. c3
Bf5 9. Bg5 Qd7 10. Nbd2 O-O-O 11. Qa4 Kb8 12. Bxf6 gxf6 13. d5 Nb4 14. Qxd7
Nc2+ 15. Kd1 Ne3+ 16. Ke1 Rxd7 17. Rc1 Nxd5 18. c4 Ne3 19. c5 Bf4 20. Rc3 Be6
21. b3 Rg8 22. Rd3 Nc2+ 23. Kf2 Rxd3 24. exd3 Be3+ 25. Ke2 Bxc5 26. Ne4 Nd4+
27. Nxd4 Bxd4 28. Kd2 Bd5 29. Bh3 f5 30. Bxf5 Rg2+ 31. Kd1 Rxa2 32. Re1 Bxb3+
33. Kc1 a5 34. Nd2 a4 35. Nxb3 axb3 36. Re4 Bc3 37. Kd1 Rd2+ 38. Kc1 b2+ 0-1

[Event "FRA-chT"]
[Site "FRA"]
[Date "1996.??.??"]
[Round "?"]
[White "Buchy, Daniel"]
[Black "Touzane, Olivier"]
[Result "1/2-1/2"]
[WhiteElo "2260"]
[BlackElo "2495"]
[PlyCount "86"]
[EventDate "1996.??.??"]
[Source "ChessBase"]

1. f4 e5 2. fxe5 d6 3. exd6 Bxd6 4. Nf3 g5 5. d4 g4 6. Ng5 f5 7. e4 h6 8. e5
hxg5 9. exd6 Qxd6 10. Bxg5 Rxh2 11. Qe2+ Kf8 12. Rxh2 Qxh2 13. Nc3 Qg3+ 14. Qf2
Qxf2+ 15. Kxf2 Nc6 16. Nb5 Bd7 17. Nxc7 Rc8 18. Nb5 Kg7 19. Nd6 Rb8 20. Bf4
Nge7 21. Nc4 Rd8 22. Bg5 Be6 23. Re1 Bxc4 24. Bxe7 Rxd4 25. Bxc4 Rxc4 26. c3
Kg6 27. Bd6 b5 28. g3 a5 29. Re2 b4 30. cxb4 axb4 31. Rd2 Re4 32. Re2 Rc4 33.
Rd2 Kf7 34. Bf4 Ne7 35. Ke3 Re4+ 36. Kd3 Nd5 37. Bb8 b3 38. a3 Nb6 39. Rf2 Ke6
40. Kc3 Re3+ 41. Kd4 Re4+ 42. Kc3 Re3+ 43. Kd4 Re4+ 1/2-1/2

[Event "FRA-chT"]
[Site "FRA"]
[Date "1996.??.??"]
[Round "?"]
[White "Bujisho, Benjamin"]
[Black "Buchy, Daniel"]
[Result "0-1"]
[WhiteElo "2220"]
[BlackElo "2260"]
[PlyCount "120"]
[EventDate "1996.??.??"]
[Source "ChessBase"]

1. e4 c5 2. Nc3 Nc6 3. g3 g6 4. Bg2 Bg7 5. d3 d6 6. Nge2 e6 7. O-O Nge7 8. Be3
Nd4 9. f4 O-O 10. Qd2 Nec6 11. Nd1 b6 12. e5 Nxe2+ 13. Qxe2 Bb7 14. Nf2 h5 15.
exd6 Qxd6 16. Ne4 Qe7 17. c3 Rad8 18. Rad1 Qc7 19. Rd2 Ne7 20. Kh1 Nf5 21. Bg1
Rd7 22. Bf3 Rfd8 23. Bf2 Bd5 24. h3 Qb7 25. Kh2 Nd6 26. Re1 Nxe4 27. dxe4 Bxa2
28. Red1 Bb3 29. Rxd7 Rxd7 30. Rd2 Bf8 31. Kg2 a5 32. f5 exf5 33. exf5 Rxd2 34.
Qxd2 Qc7 35. Qg5 Qe7 36. f6 Qe6 37. Bxh5 Bd5+ 38. Kf1 Qe4 39. Bg4 Qb1+ 40. Be1
Qd3+ 41. Be2 Qe4 42. Bd2 Qg2+ 43. Ke1 Qg1+ 44. Bf1 Bg2 45. Qf4 Bd6 46. Be3 Bxf4
47. Bxg1 Bxg3+ 48. Ke2 Bxf1+ 49. Kxf1 Be5 50. Ke2 Bxf6 51. Kd3 Kf8 52. Kc4 Ke8
53. Kb5 Bd8 54. Kc6 Ke7 55. Bh2 Ke6 56. b3 c4 57. bxc4 a4 58. Bf4 a3 59. Bc1 a2
60. Bb2 f5 0-1

[Event "FRA-chT"]
[Site "FRA"]
[Date "1996.??.??"]
[Round "?"]
[White "Bujisho, Benjamin"]
[Black "Fauvet, Eric"]
[Result "1-0"]
[WhiteElo "2220"]
[BlackElo "2175"]
[PlyCount "67"]
[EventDate "1996.??.??"]
[Source "ChessBase"]

1. e4 c5 2. Nc3 a6 3. g3 b5 4. Bg2 Bb7 5. d3 g6 6. Be3 Bg7 7. Qd2 d6 8. f4 e6
9. Nf3 Nc6 10. O-O Nd4 11. Rae1 Ne7 12. g4 h5 13. h3 hxg4 14. hxg4 Qc7 15. Ng5
Nec6 16. Nd1 f6 17. Nh3 e5 18. c3 Ne6 19. f5 gxf5 20. exf5 Nf8 21. d4 d5 22.
dxe5 Nxe5 23. Bf4 Nfd7 24. Ne3 Nb6 25. Bxe5 fxe5 26. f6 O-O-O 27. fxg7 Qxg7 28.
g5 Kb8 29. Nf5 Qc7 30. g6 Rdg8 31. Qg5 Bc8 32. Ne7 Rg7 33. Nxc8 Nxc8 34. Rf7
1-0

[Event "FRA-chT"]
[Site "FRA"]
[Date "1996.??.??"]
[Round "?"]
[White "Bujisho, Benjamin"]
[Black "Ruiz, Richard"]
[Result "1/2-1/2"]
[WhiteElo "2220"]
[BlackElo "2160"]
[PlyCount "81"]
[EventDate "1996.??.??"]
[Source "ChessBase"]

1. e4 c5 2. Nc3 Nc6 3. g3 Nf6 4. Bg2 g6 5. d3 Bg7 6. f4 d6 7. Nf3 Bg4 8. h3
Bxf3 9. Qxf3 Nd4 10. Qf2 O-O 11. O-O Nd7 12. Nd5 e6 13. Ne3 Rb8 14. f5 Be5 15.
Kh1 Bg7 16. c3 Nc6 17. Ng4 Nf6 18. Nxf6+ Qxf6 19. g4 exf5 20. exf5 gxf5 21. Qg3
Ne7 22. Be4 d5 23. Bxf5 Nxf5 24. Rxf5 Qe6 25. Bf4 Rbd8 26. Re1 Qc6 27. Qf3 Qb6
28. Bg5 f6 29. Bc1 Qc6 30. Rf1 Qe6 31. Bd2 b6 32. Rh5 c4 33. Re1 Qd7 34. Re2 b5
35. dxc4 dxc4 36. Qf5 Qxf5 37. Rxf5 a6 38. Kg2 Rfe8 39. Rxe8+ Rxe8 40. Kf3 Rd8
41. Ke2 1/2-1/2

[Event "FRA-chT"]
[Site "FRA"]
[Date "1996.??.??"]
[Round "?"]
[White "Bujisho, Raphaelle"]
[Black "Laruelle, Joel"]
[Result "1/2-1/2"]
[WhiteElo "2245"]
[BlackElo "2085"]
[PlyCount "48"]
[EventDate "1996.??.??"]
[Source "ChessBase"]

1. c4 e5 2. g3 f5 3. Bg2 Nc6 4. e3 Nf6 5. Ne2 g6 6. O-O Bg7 7. d3 O-O 8. Nbc3
d6 9. Rb1 Be6 10. b3 d5 11. d4 exd4 12. Nf4 Bf7 13. Ncxd5 dxe3 14. Bxe3 Ne4 15.
Rc1 Ne5 16. f3 Nd6 17. Bc5 Re8 18. Nxc7 Qxc7 19. Bxd6 Qa5 20. Qc2 Rad8 21. c5
Nc6 22. Rcd1 Bd4+ 23. Kh1 Nb4 24. Qb1 Bxc5 1/2-1/2

[Event "FRA-chT"]
[Site "FRA"]
[Date "1996.??.??"]
[Round "?"]
[White "Bujisho, Raphaelle"]
[Black "Lebel Arias, Julia"]
[Result "1-0"]
[WhiteElo "2245"]
[BlackElo "2090"]
[PlyCount "62"]
[EventDate "1996.??.??"]
[Source "ChessBase"]

1. c4 b6 2. Nc3 Bb7 3. Nf3 Bxf3 4. exf3 c5 5. d4 cxd4 6. Qxd4 Nc6 7. Qd1 g6 8.
Be2 Bg7 9. Be3 Rc8 10. Qd2 Na5 11. c5 bxc5 12. Ba6 Rc6 13. Bb5 Rd6 14. Qc2 Nb7
15. O-O Nf6 16. a4 O-O 17. Rfe1 a6 18. Bc4 Na5 19. Ba2 Rc6 20. Rad1 e6 21. Ne2
Qc7 22. Bf4 Qb6 23. Be5 d5 24. Qc3 Ne8 25. Bxg7 Nxg7 26. Nf4 c4 27. Ne2 Nb3 28.
Bb1 Rb8 29. Qe5 Qc7 30. Qg5 e5 31. Qg4 Qe7 1-0